000 00848cam a2200253 a 4500
001 2814
005 20240116094832.0
020 _a9781606310274
040 _aDLC
_cDLC
_beng
050 1 0 _aBL473.5
_b.B79 2009
082 0 0 _a398/.4509495
_222
100 1 _aBryant, Megan E.
245 1 0 _aShe's all that! :
_ba look-it-up guide to the goddesses of mythology /
_cMegan E. Bryant
260 _aNew York :
_bScholastic,
_c2009
300 _a128 pages :
_bColor illustrations ; color genealogy table ;
_c23 cm
490 0 _aMythlopedia
505 _aZ
520 _aPresents a guide to Greek mythology, providing profiles of goddesses and the myths surrounding them.
521 _a940
_bLexile
521 _aZ
_bRaz-Plus
650 0 _aGoddesses
_vDictionaries, Juvenile.
906 _a7
_bcbc
_corignew
_d1
_eecip
_f20
_gy-gencatlg
942 _2ddc
_cBK
_n0
999 _c2814
_d2814